000 00754nam a2200217Ia 4500
003 BUBTL
008 151213s9999 xx 000 0 und d
041 _aবাংলা
082 _a346.066/ Al117b/ 2002
100 _aআলম, মো: সাইফুল
_95344
245 _aব্যাংক কোম্পানী আইন ম্যানুয়েল /
_cমো: সাইফুল আলম :
250 _a2nd
260 _aDhaka
_bসাম্ছ পাবলিকেশন্স
_cc2002
300 _a[29],209p. :
_bill. ;
_c21 cm.
650 _aLaw
650 _a
700 _aমো: সাইফুল আলম।
_95345
856 _k0
_l0
_yDownload
942 _2ddc
_cBK
999 _c3155
_d3155